书目信息 |
| 题名: |
中国文学批评史
|
|
| 作者: | ;复旦大学中文系 编 | |
| 分册: | 中册 | |
| 出版信息: | 上海 上海古籍出版社 1981.11 |
|
| 页数: | 456页 | |
| 开本: | 20cm | |
| 丛书名: | ||
| 单 册: | ||
| 中图分类: | I206.09 | |
| 科图分类: | ||
| 主题词: | 文学--中国 | |
| 电子资源: | ||
| ISBN: | ||
| 000 | 00531nam0 2200181 45 | |
| 001 | 0312221749 | |
| 005 | 20060801111244.79 | |
| 010 | @dCNY1.40 | |
| 100 | @a20031222d1981 km y0chiy0120 ea | |
| 101 | @achi | |
| 200 | 1 | @a中国文学批评史@Azhong guo wen xue pi ping shi@h中册@f复旦大学中文系编@FFu Dan Da Xue Zhong Wen Xi Bian |
| 210 | @a上海@c上海古籍出版社@d1981.11 | |
| 215 | @a456页@d20cm | |
| 606 | 0 | @a文学@x中国 |
| 690 | @aI206.09@v3 | |
| 711 | 0 | @a复旦大学中文系@4编 |
| 801 | @aCN@bTSTCL@c20060801 | |
| 905 | @a213230@dI206.09@e1:2 | |
| 中国文学批评史.中册/复旦大学中文系编.-上海:上海古籍出版社,1981.11 |
| 456页;20cm |
| ISBN :CNY1.40 |
| ● |
| 相关链接 |
|
|
|
|
正题名:中国文学批评史
索取号:I206.09/1:2
 
预约/预借
| 序号 | 登录号 | 条形码 | 馆藏地/架位号 | 状态 | 备注 |
| 1 | 0064150 | 000669066 | 第二借阅区/ [索取号:I206.09/1:2] | 在馆 | |
| 2 | 0443302 | 204433023 | 密集书库/ [索取号:I206.09/1:2] | 在馆 |